Металлы и сплавы, применяемые в автомобилестроении. Вып. 5: ˆ... ‰за 1979-1982 гг. (Запись № 6643754)

Подробности
000 -МАРКЕР
контрольное поле 01192nam2a22002291 4500
001 - ИДЕНТИФИКАТОР ЗАПИСИ
контрольное поле rc\839556
005 - ИДЕНТИФИКАТОР ВЕРСИИ
контрольное поле 20250622102611.0
035 ## - ДРУГИЕ СИСТЕМНЫЕ НОМЕРА
Идентификатор записи (NLR Aleph) 006238365
100 ## - ДАННЫЕ ОБЩЕЙ ОБРАБОТКИ
Данные общей обработки 20041129d1983 |||y0rusy50 ca
101 0# - ЯЗЫК РЕСУРСА
Язык текста, звукозаписи и т.д. русский
102 ## - СТРАНА ПУБЛИКАЦИИ ИЛИ ПРОИЗВОДСТВА
Страна публикации Российская Федерация
105 ## - ПОЛЕ КОДИРОВАННЫХ ДАННЫХ: ТЕКСТОВЫЕ МАТЕРИАЛЫ, МОНОГРАФИЧЕСКИЕ
Кодированные данные о монографическом текстовом документе y |||||||||
200 1# - ЗАГЛАВИЕ И СВЕДЕНИЯ ОБ ОТВЕТСТВЕННОСТИ
Основное заглавие ˆ... ‰за 1979-1982 гг.
Первые сведения об ответственности [Составитель Лосева Д.Б.]
210 ## - ПУБЛИКАЦИЯ, РАСПРОСТРАНЕНИЕ И ДР.
Дата издания, распространения и т.д. 1983
Место издания, распространения и т.д. Б. м.
215 ## - ФИЗИЧЕСКАЯ ХАРАКТЕРИСТИКА
Специфическое обозначение материала и объем 134 с.
461 #0 - УРОВЕНЬ НАБОРА
Встроенное поле 001rc\839555
-- 2001#$aМеталлы и сплавы, применяемые в автомобилестроении$eБиблиогр. указ., сост. по материалам отеч. и зарубеж. лит...$fЦентр. науч.-техн. б-ка автомоб. пром-сти$vВып. 5
Системный номер (АБИС) связанной записи 6643746
Место публикации М.
Дата публикации 1983
Первые сведения об ответственности Центр. науч.-техн. б-ка автомоб. пром-сти
Имя издателя, распространителя и т.д. Б. и.
Сведения, относящиеся к заглавию Библиогр. указ., сост. по материалам отеч. и зарубеж. лит...
Заглавие Металлы и сплавы, применяемые в автомобилестроении
Номер тома Вып. 5
801 #0 - ИСТОЧНИК ЗАПИСИ
Страна Российская Федерация
Организация NLR
Правила каталогизации psbo
801 #1 - ИСТОЧНИК ЗАПИСИ
Страна Российская Федерация
Организация ELAR
Источник данных rusmarc
852 ## - МЕСТОНАХОЖДЕНИЕ И ШИФР ХРАНЕНИЯ
Идентификатор организации NLR
Наименование фонда или коллекции (Sub-Location Identifier) С
Шифр хранения (Call Number) К-2/2392
942 ## - ДОПОЛНИТЕЛЬНЫЕ ЭЛЕМЕНТЫ ЗАПИСИ (АБИС)
Тип экземпляра АБИС Книга
980 ## - КОЛЛЕКЦИЯ
Название коллекции Национальная библиография
Экземпляры
Тип экземпляра Дата поступления Библиотека постоянного хранения Библиотека текущего хранения Место хранения Шифр хранения Штрих-код Статус экземпляра
Книга 26.10.2013 РНБ (Московский) РНБ (Московский) Центральная справочная библиотека С К-2/2392 1-2489009  
Книга 06.12.2018 РНБ (Московский) РНБ (Московский) Центральная справочная библиотека С К-2/2392 1-2489010